00565 a2200169 4500010001400000020002200014035001300036037001800049082001400067100001900081245006500100260003800165270006600203300002200269490003200291500007200323 aENG-85402 c25.00a8126022876 aEN-68935 bD.B.Act / Pub14a891.490921 aChettri, Bhanu1 aJagat Chettricby Bhanu Chettribmakers of Indian literature aNew DelhibSahitya Akademi.c2006 aRavindra Bhavan, 35, Firozshah RoadbNew DelhicDelhie110001 a62 pc21 cm (Pbk) aMakers of Indian literature aA monograph in English by Bhanu Chettri on the modern Nepali writer